| 000 | 00936nam a2200349Ia 4500 | ||
|---|---|---|---|
| 001 | 8753 | ||
| 005 | 20240113234131.0 | ||
| 007 | ta | ||
| 008 | 050721s1983 a g b000 u eng u | ||
| 020 | _a81-85099-07-3 | ||
| 040 | _aSKBL, Cotton College | ||
| 041 | _aeng | ||
| 082 |
_a572.30 _bSh 11 So |
||
| 100 | _aSharma, R.N. . | ||
| 245 | 0 |
_aSocial Anthropology and Indian Tribes / _cR.N. Sharma and R.K. Sharma. _hTextual Documents |
|
| 250 | _a1st ed. / | ||
| 260 |
_aBombay : _bMedia Promoters and Publishers Pvt Ltd , _c1983. |
||
| 300 |
_aviii, 328p. : _bill. ; _c22cm . |
||
| 504 | _aIndex | ||
| 653 | _aAnthropology | ||
| 653 | _aAnthropology, Social- India | ||
| 653 | _aTribes, India | ||
| 653 | _aG-Anthropology | ||
| 700 | _aSharma, R.K. . | ||
| 942 |
_2ddc _cBK |
||
| 999 |
_c8740 _d8740 |
||